000 04379nam a2200409 a 4500
001 dia_3646
003 CHAP
005 20250221102540.0
007 ta
008 220601s2006 mx ado frm 001 0 spa d
040 _amxchpua
_cCHAP
041 0 _aspa
_beng
090 _aTesis
_bH478
_c2006
100 1 _aHernández Martínez, Rocío
245 4 0 _aEvaluación de fracturabilidad, envase y embalaje en galletas de maíz cacahuacintle /
_cRoció Hernández Martínez y María Inés Irineo Contreras
264 _aChapingo, México :
_bEl autor,
_c2006
300 _avi, 78 hojas :
_bilustraciones, tablas, gráficas, fotografias
336 _2rdacontent
_atexto
_btxt
337 _2rdamedia
_ano mediado
_bn
338 _2rdacarrier
_avolumen
_bnc
502 _aTesis
_b(Ingeniero Agroindustrial) --
_cUACh. Departamento de Ingeniería Agroindustrial,
_d2006
504 _aBibliografía : hojas
520 3 _aEsta investigación, presenta alternativas de solucion para los problemas que enfrentan los productores de galleta de maiz cacahuacintle del Municipio de San Salvador el Seco, Puebla Se propone evaluar un aditivo que mejore la textura y un nuevo envase que disminuya la absorción de humedad y el porcentaje de galletas fracturadas durante su manipulación y transporte, lo cual a su vez.aumentará su vida de anaquel. La investigación consistió en dos etapas, en la primera etapa se buscó mejorar la formulación original para hacer mas resistente la galleta, sustituyendo uno de los ingredientes por almidon de trigo pregelatinizado de baja humedad La segunda etapa consistió en proponer y evaluar un envase y estimar vida de anaquel El envase propuesto fue papel encerado y corrugado, el cual fue evaluado mediante una prueba de caida, la vida de anaquel se estimó en base a las condiciones climáticas de cada región donde se desea vender la galleta, permeabilidad del envase, área y espesor del envase y la humedad a la cual la galleta ya no es aceptable por el consumidor. Se trabajo con dos tratamientos, el tratamiento 1 fue galleta con formulación y envase original, el tratamiento 2 fue galleta con formulación y envase propuesto, siendo el tratamiento 2 el que presento mejores resultados al disminuir el porcentaje de daños en la prueba de caida y aumentó la vida de anaquel en galletas.
520 3 _aThe present investigation, presents alternatives of solution for the problems that face the producers of cookies of cacahuacintle corn of the Municipio de San Salvador el Seco, Puebla. In this work one sets out to evaluate an additive that the texture improves and a new package that diminishes the humidity absorption and the percentage of cookies fractured during its manipulation and transports, which as well, will increase his life of shelf. The investigation consisted of two stages, in the first stage one sought to improve the original formulation to do resistant the cookie, replacing one of the ingredients with starch of wheat pregelatinizado of low humidity. The second stage consisted in proposing and evaluating a package and estimating life of shelf. The proposed package was a Waxed paper and corrugated, which was evaluated by means of a test proof of fall, the life of shelf was estimated on the basis of the climatic conditions of each region where one wants to sell the cookie, permeability of the package, area and thickness of the package and the humidity to which the cookie already is not acceptable for the consumer. It do worked with two treatments, the treatment 1 was a cookie with formulation and packages original, the treatment 2 was a cookie with formulation and packages proposed, being the treatment 2 the one that presented better results to diminished the percentage of damages in the of fall and having increased the life of shelf in the cookie.
650 1 3 _aGalletas
_2atg
_xMaíz
650 1 3 _aGalletas
_2atg
_xEnvasado
650 1 3 _aCookies
_2atg
_xZea mays
650 1 3 _aCookies
_2atg
_xPackaging
700 1 _aIrineo Contreras, María Inés
_eautora
700 1 _aBuendía González, María Ofelia
_edirectora
700 1 _aReyes Vigil, Miguel
_easesor
700 1 _aHernández Montes, Arturo
_easesor
901 _aTESIS H478 2006
902 _aM
905 _a0000002006 mx 0000000000spa00
942 _cTESIS
_2Clasificación Universidad Autónoma Chapingo
999 _c209365
_d209365